000 02278cam a22005537a 4500
001 000087053
003 CHAP
005 20220901154927.0
008 010214s2000 it b |rn 000|0 spa d
010 _a83526
011 _a84498
020 _a92-5-304479-9
020 _a9253048158
035 _a95018
040 _cCHAP
090 _aFolleto 16110y
110 2 _aFAO
245 1 3 _aEl estado de la inseguridad alimentaria en el mundo :
_bfortalecimiento de un entorno favorable para la seguridad alimentaria y la nutrición /
_cpor FAO.
260 _aRoma :
_bFAO,
_c2000-.
300 _av. :
_bgráfs. ; mapas.
500 _aLa biblioteca tiene: 2000, 2001, 2002, 2003, 2005, 2006, (+1 mapa), 2008,2009, 2010, 2011, 2012, 2014
590 _aBATCH-UPD
_b10
_c20130110
590 _aBATCH-UPD
_b10
_c20130410
590 _aBATCH-UPD
_b10
_c20130914
590 _aCONVERSION
_b10
_c20130109
590 _aE5995AHE
_b05
_c20140224
590 _aE5995AHE
_b05
_c20151208
590 _aE5995AHE
_b05
_c20151208
590 _aE5995AHE
_b05
_c20151208
650 1 4 _aAlimentos
_xAbastecimiento.
650 1 4 _aDesnutrición.
_932165
650 1 4 _aPobreza.
_989463
650 1 4 _aSubalimentación.
_9110135
650 1 4 _aYuca
_xInvestigación.
_9123288
901 _aBK
905 _aPatricia Mendoza P.
942 _cFOLL
_2local
942 _n0
_2ddc
949 _aFolleto 16110y
_bBC
_cFOLL
_d33724000879961
_eFAO1
_f(2001)
_gDonaciØn
_i95018
_sb
949 _aFolleto 16110y
_bBC
_cFOLL
_d33724000984456
_eFAO1
_f(2005)
_gDonaciØn
_i95018
_sb
949 _aFolleto 16110y
_bBC
_cFOLL
_d33724002030363
_eFAO1
_f(2006)
_gDonaciØn
_i95018
_sb
949 _aFolleto 16110y
_bBC
_cFOLL
_d33724002065454
_eFAO1
_f(2000)
_gDonaciØn
_i95018
_sb
949 _aFolleto 16110y
_bBC
_cFOLL
_d33724002065496
_eFAO1
_f(2002)
_gDonaciØn
_i95018
_sb
949 _aFolleto 16110y
_bBC
_cFOLL
_d33724002086743
_eFAO1
_f(2003)
_gDonaciØn
_i95018
_sb
949 _aFolleto 16110y
_bBC
_cFOLL
_d33724002096512
_eFAO1
_f(2008)
_gDonaciØn
_i95018
_sb
949 _aFolleto 16110y
_bBC
_cFOLL
_d33724002161355
_eFAO1
_f(2009)
_gDonaciØn
_i95018
_sb
949 _aFolleto 16110y
_bBC
_cFOLL
_d33724002232819
_eFAO1
_f(2010)
_gDonaciØn
_i95018
_sb
949 _aFolleto 16110y
_bBC
_cFOLL
_d33724002318595
_eFAO1
_f(2011)
_gDonaciØn
_i95018
_sb
999 _c83526
_d83526